Derecho de réplica: un reto más para las Salas Regionales/
El presente texto brinda mejor comprensión del proceso de adecuación a la reforma constitucional centrada en el artículo 6 de la constitución mexicana, que incorpora el derecho de réplica al conjunto de normas que rigen el ejercicio de la garantía individual de libre expresión de las ideas. FGO 10/1...
Guardado en:
| Hovedforfatter: | |
|---|---|
| Format: | Bog |
| Sprog: | Spanish |
| Fag: | |
| Tags: |
Tilføj Tag
Ingen Tags, Vær først til at tagge denne postø!
|
MARC
| LEADER | 00000nam a22000007a 4500 | ||
|---|---|---|---|
| 003 | cru CIDCACS/IIS | ||
| 005 | 20221010111424.0 | ||
| 007 | ta | ||
| 008 | 190208s2010 mx |||||r|||||||| ||spa|d | ||
| 040 | |c cru CIDCACS/IIS | ||
| 100 | 1 | |9 8321 |a Zaldivar Arrieta, Mario Léon | |
| 245 | 1 | |a Derecho de réplica: |b un reto más para las Salas Regionales/ |c Mario Léon Zaldivar Arrieta | |
| 300 | |a páginas 33-37 | ||
| 520 | |a El presente texto brinda mejor comprensión del proceso de adecuación a la reforma constitucional centrada en el artículo 6 de la constitución mexicana, que incorpora el derecho de réplica al conjunto de normas que rigen el ejercicio de la garantía individual de libre expresión de las ideas. FGO 10/10/2022 | ||
| 650 | 0 | |2 TESAURO OCDE |9 3755 |a PODER JUDICIAL | |
| 650 | 0 | |2 TESAURO OCDE |9 83 |a DEMOCRACIA | |
| 650 | 0 | |2 TESAURO OCDE |9 2203 |a SISTEMA JUDICIAL | |
| 651 | 0 | |2 TESAURO OCDE |9 3410 |a MEXICO | |
| 773 | 0 | |0 42169 |9 2646 |d México: Tribunal Electoral del Poder Judicial de la Federación, 2010 |o 15043 |t Contexto Electoral: | |
| 942 | |2 ddc |c LI | ||
| 999 | |c 42174 |d 42174 | ||
